000
00497nam a22001097a 4500
082
_a
333
100
_a
घटना चक्र
_9
81916
245
_a
सामान्य अध्ययन पूूर्वावलोकन ( 1990 से जनवरी 2023 तक के प्रश्न पत्र शामिल )
260
_a
इलाहाबाद
_b
पब्लिशिंग प्रकाशन
_c
2023
650
_a
पर्यावरण
942
_c
C. BOOKS
999
_c
66493
_d
66493